| 000 | 00956nam a2200229 a 4500 | ||
|---|---|---|---|
| 008 | 120416s1985 ||||||||||||||||| || u | ||
| 020 | _a0070063605 | ||
| 050 | _aHD 30.23 Bod | ||
| 100 | _aBodily, Samuel E | ||
| 245 | 1 | 0 | _aModern decision making |
| 246 | _aa guide to modeling with decision support systems | ||
| 260 |
_aNew York _bMcGraw-Hill _c1985 |
||
| 300 | _axiv, 300p. : ill. | ||
| 350 | _a0.00 | ||
| 500 | _aIncludes index. -Bibliography: p. 285-286. | ||
| 650 | _aDECISION SUPPORT SYSTEMS | ||
| 650 | 0 | _aMANAGEMENT | |
| 650 | _aDECISION MAKING--DATA PROCESSING | ||
| 650 | 0 | _aDECISION MAKING--MATHEMATICAL MODELS | |
| 995 |
_aMAIN LIBRARY OPEN ACCESS _D0.00 _e712017 _FCBU-MAIN LIBRARY (Kitwe) _H2 _I9.95 _jHD 30.23 Bod _M2 _UAVAILABLE _y002905 _ZMain Library Open Access Collection |
||
| 995 |
_aMAIN LIBRARY OPEN ACCESS _D0.00 _e712016 _FCBU-MAIN LIBRARY (Kitwe) _H1 _I9.95 _jHD 30.23 Bod _M1 _UAVAILABLE _y002906 _ZMain Library Open Access Collection |
||
| 999 |
_c77572 _d77572 |
||